Najlepsze państwa do życia. - Statystyki

Ogólne statystyki
  • Ten quiz został rozwiązany 46 razy
  • Średni wynik to 3 z 5
Statystyki odpowiedzi
Nr. HDI Odpowiedź % Poprawnych
2 0.961 Szwajcaria
83%
1 0.962 Norwegia
75%
5 0.948 Dania
65%
3 0.959 Islandia
63%
4 0.951 Australia
50%
Nie znaleziono quizów pasujących do podanych kryteriów
Rozkład punktacji
Procent ludzi z każdym wynikiem
Percentyl według liczby udzielonych odpowiedzi
Twoja historia wyników
Nie rozwiązałeś tego quizu